000 00645nam a2200205 u 4500
005 20210223133548.0
008 180417s2015 r 000 0 eng d
020 _a9788433027702
035 _aUPN01000224109
049 _aCG
050 4 _aRC465
_bG6.3
100 1 _aGómez, Antonio S.
_942073
245 1 3 _aLa fuerza que tú llevas dentro :
_bdiálogos clínicos /
_cAntonio S. Gómez.
260 _aBilbao, Esp. :
_bDesclée De Brouwer,
_c2015.
300 _a177 p.
440 0 _aSerendipity.
_pCrecimiento personal ;
_v193
650 4 _aPSICOTERAPIA -
_xCASOS, INFORMES CLINICOS, ESTADISTICA
_926957
905 _aLibro
999 _c196206
_d196206